Jogadores de Benfica 24/25 - Statistics

Estatísticas Gerais
  • Esse quiz foi jogado 160 vezes
    3 desde o último reset
  • A pontuação média é 15 de 27
Estatísticas das Respostas
Jogador % Correto
3 Álvaro Carreras
100%
1 Anatoliy Trubin
100%
21 Andreas Schjelderup
100%
4 António Silva
100%
Treinador Bruno Lage
100%
14 Vangelis Pavlidis
100%
6 Alexander Bah
67%
11 Ángel Di María
67%
8 Fredrik Aursnes
67%
18 Leandro Barreiro
67%
30 Nicolás Otamendi
67%
10 Orkun Kokçu
67%
44 Tomás Araújo
67%
81 Adrian Bajrami
33%
75 André Gomes
33%
9 Arthur Cabral
33%
32 Benjamín Rollheiser
33%
61 Florentino
33%
25 Gianluca Prestianni
33%
28 Issa Kaboré
33%
37 Jan-Niklas Beste
33%
17 Kerem Akturkoglu
33%
85 Renato Sanches
33%
24 Samuel Soares
33%
47 Tiago Gouveia
33%
7 Zeki Amdouni
33%
23 Soualiho Meite
0%
Nenhum quiz correspondente encontrado
Distribuição das Pontuações
Porcentagem de Pessoas com Cada Pontuação
Percentil de Números Respondidos
Sua Pontuação Histórica
Você não jogou esse quiz desde o último reset